000 01665nam a2200289 i 4500
001 82053
003 ES-MaACL
005 20250814081137.0
007 t|
008 041116s1892 sp |||| | spa d
080 _a58(460)(091)
100 1 _aColmeiro, Miguel,
_d1816-1901
_939771
245 1 0 _aPrimeras noticias acerca de la vegetación americana, suministradas por el almirante Colón y los inmediatos continuadores de las investigaciones dirigidas al conocimiento de las plantas, con un resumen de las expediciones botánicas de los españoles /
_cconferencias del doctor Miguel Colmeiro, una leída el 21 de abril y otra pronunciada el 11 de mayo de 1892.
260 _aMadrid :
_b[s.n.],
_c1892 (
_fSucesores de Rivadeneyra)
300 _a49 p. ;
_c25 cm.
500 _aForma parte de: "El continente americano : conferencias dadas en el Ateneo Científico, Literario y Artístico de Madrid con motivo del Cuarto Centenario del Descubrimiento de América". Madrid, 1894; tít. que agrupa todas las conferencias del ciclo en 3 v., cada una de ellas con port. y año propios; esta publicación pertenece al v. 3.
500 _aPrecede al tít.: Ateneo de Madrid.
610 2 4 _aAteneo de Madrid-
_vConferencias-
_yS.XIX.
_91910
610 2 4 _aAteneo de Madrid-
_vObras digitalizadas.
_91930
650 4 _aFlora-
_zAmérica.
_9142305
650 7 _aBotánica-
_zEspaña
_2
_9141828
650 4 _aExpediciones científicas-
_zEspaña.
_9154502
740 3 2 _aEl continente americano.
852 4 _aES-MaACL
_jR-2605(3)
856 4 _uhttp://www.ateneodemadrid.com/biblioteca_digital/folletos/Folletos-0057.pdf
_zVer documento
999 _c82053
_d82053